[Event "Online Olym Div2 E"]
[Site "Chess.com INT"]
[Date "2021.09.02"]
[Round "1.5"]
[White "Santiago Sontay, Jenny Fernanda"]
[Black "Brown, Raehanna"]
[Result "1/2-1/2"]
[WhiteElo "1708"]
[BlackElo "1594"]
[PlyCount "108"]
[EventDate "2021.09.02"]
[EventType "team (rapid)"]
[EventRounds "9"]
[EventCountry "USA"]
[SourceTitle "CBM 204 Extra"]
[Source "ChessBase"]
[SourceDate "2021.11.30"]
[SourceVersion "1"]
[SourceVersionDate "2021.11.30"]
[SourceQuality "1"]
[WhiteTeam "Guatemala"]
[BlackTeam "Jamaica"]
[WhiteTeamCountry "GUA"]
[BlackTeamCountry "JAM"]

1. e4 c5 2. Nf3 Nc6 3. d3 g6 4. Nc3 Bg7 5. Be3 d6 6. d4 cxd4 7. Nxd4 Nf6 8. f3 0-0 9. Be2 d5 10. 0-0 e5 11. Nxc6 bxc6 12. exd5 cxd5 13. Bc5 Re8 14. Qd2 Bb7 15. Bb5 Re6 16. Rae1 Qc7 17. b4 Bf8 18. Na4 Bc6 19. Bxc6 Rxc6 20. Bxf8 Rxf8 21. Rf2 Rc8 22. Nc5 a5 23. a3 axb4 24. axb4 Nd7 25. Nxd7 Qxd7 26. Rxe5 Rxc2 27. Qxc2 Rxc2 28. Rxc2 Qa7+ 29. Kf1 Qd4 30. Ree2 Qxb4 31. Rcd2 d4 32. Rf2 Qc4+ 33. Rfe2 d3 34. Re1 Qc3 35. Red1 Qe5 36. g3 Qf5 37. Rxd3 Qh3+ 38. Kg1 Qf5 39. Kg2 Kg7 40. Rd6 Qc2+ 41. R1d2 Qc4 42. R2d3 Qc2+ 43. Rd2 Qc4 44. R2d3 Qc8 45. Rd7 h5 46. R3d6 Qc2+ 47. Rd2 Qf5 48. R7d5 Qe6 49. Rd6 Qf5 50. R6d5 Qe6 51. Rd6 Qe1 52. R6d4 Kf6 53. Rd6+ Kg7 54. R6d4 Qe5 1/2-1/2

[Event "Online Olym Div2 D"]
[Site "Chess.com INT"]
[Date "2020.08.14"]
[Round "1.6"]
[White "Santiago Sontay, Jenny Fernanda"]
[Black "Nestorovic, Katarina"]
[Result "1-0"]
[WhiteElo "1728"]
[BlackElo "2027"]
[PlyCount "55"]
[EventDate "2020.08.14"]
[EventType "team-tourn (rapid)"]
[EventRounds "9"]
[EventCountry "USA"]
[SourceTitle "CBM 198"]
[Source "ChessBase"]
[SourceDate "2020.10.31"]
[SourceVersion "1"]
[SourceVersionDate "2020.10.31"]
[SourceQuality "1"]
[WhiteTeam "Guatemala"]
[BlackTeam "Serbia"]
[WhiteTeamCountry "GUA"]
[BlackTeamCountry "SRB"]

1. e4 c5 2. Nf3 e6 3. d4 cxd4 4. Nxd4 Nf6 5. Nc3 d6 6. Be2 a6 7. Be3 Qc7 8. 0-0 b5 9. a3 Bb7 10. Qd3 Nbd7 11. f3 Be7 12. Rad1 0-0 13. Rfe1 Rfd8 14. Bf1 Rac8 15. Bf2 Ne5 16. Qe3 Nfd7 17. Rd2 h6 18. h3 Bf6 19. Red1 Ng6 20. f4 Nc5 21. g3 Ne7 22. Bg2 e5 23. Nde2 Ne6 24. Qb6 Rd7 25. Qxc7 Rdxc7 26. f5 Nc5 27. Rxd6 Kf8 28. Rd8+ 1-0

[Event "Online Olym Div3 E"]
[Site "Chess.com INT"]
[Date "2020.08.09"]
[Round "7.1"]
[White "Santiago Sontay, Jenny Fernanda"]
[Black "Garcia Reyes, Alejandra Nicole"]
[Result "1-0"]
[WhiteElo "1708"]
[BlackElo "1531"]
[PlyCount "41"]
[EventDate "2020.08.07"]
[EventType "team-tourn (rapid)"]
[EventRounds "9"]
[EventCountry "USA"]
[SourceTitle "CBM 198"]
[Source "ChessBase"]
[SourceDate "2020.10.31"]
[SourceVersion "1"]
[SourceVersionDate "2020.10.31"]
[SourceQuality "1"]
[WhiteTeam "Guatemala"]
[BlackTeam "Honduras"]
[WhiteTeamCountry "GUA"]
[BlackTeamCountry "HON"]

1. e4 c5 2. Nf3 Nc6 3. d4 cxd4 4. Nxd4 e5 5. Nb5 d6 6. N1c3 a6 7. Na3 h6 8. Be2 Nf6 9. Nc4 b5 10. Ne3 b4 11. Ncd5 Nxe4 12. Bf3 Ng5 13. Nf6+ gxf6 14. Bxc6+ Bd7 15. Bxa8 Qxa8 16. Nd5 Kd8 17. Be3 Bc6 18. Bb6+ Kc8 19. Qg4+ Kb7 20. Ba5 Bg7 21. Qxb4+ 1-0

[Event "Pan American-ch School U17 Girls"]
[Site "Medellin"]
[Date "2019.11.14"]
[Round "5"]
[White "Leal, Dayana Vanessa"]
[Black "Santiago Sontay, Jenny Fernanda"]
[Result "0-1"]
[WhiteElo "1576"]
[BlackElo "1652"]
[PlyCount "68"]
[EventDate "2019.11.12"]
[EventType "swiss"]
[EventRounds "9"]
[EventCountry "COL"]
[SourceTitle "CBM 193 Extra"]
[Source "ChessBase"]
[SourceDate "2020.01.31"]
[SourceVersion "1"]
[SourceVersionDate "2020.01.31"]
[SourceQuality "1"]

1. d4 d5 2. c4 e5 3. dxe5 d4 4. Nf3 Nc6 5. Bf4 Nge7 6. Nbd2 Ng6 7. Bg3 Qe7 8. Nb3 Ngxe5 9. Nxe5 Nxe5 10. Qxd4 Qb4+ 11. Nd2 Nc6 12. Qe4+ Be7 13. Rb1 Qa5 14. a3 Bf5 15. Qe3 Bxb1 16. b4 Qf5 17. b5 Nd8 18. Bxc7 Ne6 19. Be5 Qc2 20. Qc3 Qxc3 21. Bxc3 Bg6 22. a4 f6 23. g3 Nc5 24. Bg2 0-0-0 25. a5 Na4 26. Ba1 Bb4 27. Bd5 Be4 28. Bxe4 Bxd2+ 29. Kf1 Bxa5 30. Kg2 Bc3 31. Bc2 Bxa1 32. Rxa1 Nc3 33. Rxa7 Kc7 34. Ra2 Rd4 0-1